|
|
|
|
| LEADER |
00000nam a2200000 a 4500 |
| 001 |
vtls001247506 |
| 003 |
SK-MaSNL |
| 005 |
20260302032118.0 |
| 008 |
130606s1994 xo o g c 00000 slo |
| 020 |
|
|
|a 8085694484
|
| 035 |
|
|
|a SNK000198325
|
| 040 |
|
|
|a SNK
|b slo
|c SNK
|e AACR2
|
| 041 |
0 |
|
|a slo
|
| 044 |
|
|
|a xo
|c SK
|
| 080 |
|
|
|a 737.2:061.4(083.9)=854=20
|2 1981
|
| 245 |
0 |
0 |
|a Súčasná slovenská medaila '94
|b uspor. Slovenská výtvarná únia-Združenie medailérov Slovenska, Kremnica, Múzeum mincí a medailí, Kremnica r. 1994
|c dizajn Pavel Choma
|
| 246 |
1 |
1 |
|a Contemporary slovak medals
|
| 250 |
|
|
|a 1. vyd.
|
| 260 |
|
|
|a Kremnica
|b Slovenská výtvarná únia-Združenie medailérov Slovenska
|c 1994
|
| 300 |
|
|
|a 18 s.
|b čiernobiele a fareb. fotogr.
|c 25 x16 cm
|
| 650 |
0 |
7 |
|a medailérstvo
|2 SNKPH
|9 2737
|
| 655 |
|
7 |
|a katalógy výstav
|2 SNKPH
|9 70445
|
| 700 |
1 |
|
|a Choma, Pavel,
|d 1950-
|4 bkd
|9 103914
|
| 710 |
2 |
|
|a Múzeum mincí a medailí v Kremnici
|4 orm
|9 32293
|
| 710 |
2 |
|
|a Slovenská výtvarná únia
|4 orm
|9 195989
|
| 710 |
2 |
|
|a Združenie medailérov Slovenska
|4 orm
|9 33123
|
| 919 |
|
|
|a 80-85694-48-4
|
| 999 |
|
|
|c 1055039
|d 1056969
|
| 952 |
|
|
|t P60, <04>, [BOOK], {604}
|a SNK
|b SNK
|y VYP
|7 0
|p 17A0311990
|o snkOSC 17057 D1
|0 0
|1 0
|4 0
|d 2001-08-21
|l 0
|r 2005-01-01 00:00:00
|w 2026-02-24
|